Kraje z najniższym dostępem do elektryczności - Statystyki

Ogólne statystyki
  • Ten quiz został rozwiązany 86 razy
  • Średni wynik to 20 z 30
Statystyki odpowiedzi
% ludzi z dostępem Kraj % Poprawnych
17.6 Niger
85%
19.0 Demokratyczna Republika Konga
81%
45.0 Etiopia
80%
11.8 Czad
79%
28.2 Sudan Południowy
79%
35.3 Somalia
77%
44.0 Gwinea
75%
49.6 Erytrea
73%
32.4 Republika Środkowoafrykańska
71%
50.9 Mali
68%
35.6 Tanzania
68%
42.6 Uganda
68%
43.3 Angola
67%
44.5 Mauretania
67%
31.1 Mozambik
67%
28.7 Gwinea Bissau
65%
39.8 Zambia
64%
41.0 Zimbabwe
64%
18.0 Malawi
63%
11.0 Burundi
61%
25.9 Madagaskar
61%
41.5 Benin
60%
34.7 Rwanda
59%
51.9 Togo
59%
48.5 Korea Północna
57%
14.4 Burkina Faso
53%
47.0 Lesotho
53%
25.9 Liberia
45%
45.3 Haiti
43%
26.1 Sierra Leone
40%
Nie znaleziono quizów pasujących do podanych kryteriów
Rozkład punktacji
Procent ludzi z każdym wynikiem
Percentyl według liczby udzielonych odpowiedzi
Twoja historia wyników
Nie rozwiązałeś tego quizu